Normal view
MARC view
- التوقيع الالكتروني ( اثبات ) --اثبات ( قانون ) -- التوقيع الالكتروني -- قوانين وأنظمة -- تجارة الكترونية -- قوانين وأنظمة
Entry Topical Term
001 - CONTROL NUMBER
- control field: 32298
003 - CONTROL NUMBER IDENTIFIER
- control field: JO-AjAnu
005 - DATE AND TIME OF LATEST TRANSACTION
- control field: 20230606075429.0
008 - FIXED-LENGTH DATA ELEMENTS
- fixed length control field: 230606|| aca||aabn | a|a d
040 ## - CATALOGING SOURCE
- Original cataloging agency: JO-AjAnu
- Transcribing agency: JO-AjAnu
150 ## - HEADING--TOPICAL TERM
- Topical term or geographic name entry element: التوقيع الالكتروني ( اثبات ) --اثبات ( قانون ) -- التوقيع الالكتروني -- قوانين وأنظمة -- تجارة الكترونية -- قوانين وأنظمة
670 ## - SOURCE DATA FOUND
- Source citation: Work cat.: (JO-AjAnu)16590: صالح ، سند حسن سالم , author 32297, التنظيم القانوني للتوقيع الإلكتروني وحجيتة في الاثبات المدني